000 00691nam a2200253Ia 4500
003 OSt
005 20221006160840.0
006 a|||||r|||| 00| 0
007 ta
008 221006b |||||||| |||| 00| 0 eng d
020 _a9780738575520
_c
_ 21 .99
024 _a46,593
037 _cTextual
040 _aEASL
_cEASL
_beng
041 _2eng
_aeng
082 _aY7495.71, Q1
100 _aKIM Katherine Yungmee
_9675240
245 0 _aImages of America
_b Los Angeles's Koreatown.
260 _aUSA
_bArcadia Publishing
_c2011
300 _a127p.
_ccm.
490 _v KEL
942 _hY7495.71, Q1
_cTEXL
_2CC
999 _c1114683
_d1114683